Loading...

Teaching english in today's high schools

Bibliographic Details
Format: Printed Book
Language:English
Published: New York : Holt, rinehart and winston , c1970.
LEADER 01039nam a22001697a 4500
008 170306b xxu||||| |||| 00| 0 eng d
020 |a 030810981 
245 |a Teaching english in today's high schools 
260 |a New York :  |b Holt, rinehart and winston ,  |c c1970. 
300 |b 499p. 
942 |c BK 
999 |c 196368  |d 196368 
952 |0 0  |1 0  |4 0  |6 420_700000000000000_BUR_T  |7 0  |9 216984  |a ENG  |b ENG  |c ST1  |d 2017-03-06  |i 1751  |l 0  |o 420.7 BUR/T  |p ENG1751  |r 2017-03-06  |w 2018-08-21  |y BK 
952 |0 0  |1 0  |4 0  |6 420_700000000000000_BUR_T  |7 0  |9 216985  |a ENG  |b ENG  |c ST1  |d 2017-03-06  |i 2050  |l 0  |o 420.7 BUR/T  |p ENG2050  |r 2017-03-06  |w 2018-08-21  |y BK 
952 |0 0  |1 0  |4 0  |6 420_700000000000000_BUR_T  |7 0  |9 216986  |a ENG  |b ENG  |c ST1  |d 2017-03-06  |i 2051  |l 0  |o 420.7 BUR/T  |p ENG2051  |r 2017-03-06  |w 2018-08-21  |y BK 
952 |0 0  |1 0  |4 0  |6 420_700000000000000_BUR_T  |7 0  |9 216987  |a ENG  |b ENG  |c ST1  |d 2017-03-06  |i 2190  |l 0  |o 420.7 BUR/T  |p ENG2190  |r 2017-03-06  |w 2018-08-21  |y BK 
952 |0 0  |1 0  |4 0  |6 420_700000000000000_BUR_T  |7 0  |9 216988  |a ENG  |b ENG  |c ST1  |d 2017-03-06  |i 2192  |l 0  |o 420.7 BUR/T  |p ENG2192  |r 2017-03-06  |w 2018-08-21  |y BK